| 000 | 004920000a22001810004500 | ||
|---|---|---|---|
| 003 | MACL | ||
| 005 | 20150830160824.0 | ||
| 008 | 150830b xxu||||| |||| 00| 0 eng d | ||
| 040 |
_aMACL _cMACL |
||
| 041 | _aEnglish | ||
| 082 | _a792/PRA | ||
| 100 |
_aPrabhakar, Eric _98064 |
||
| 245 |
_aThe Way to Athletic Gold _bA Training Manual For Indian Athletic Excellence |
||
| 260 |
_bEast West Press Pvt. Ltd. _c1995 _aNew Delhi |
||
| 350 | _a95 | ||
| 650 |
_aSports _98065 |
||
| 942 |
_cBK _k792 _2ddc |
||
| 999 |
_c2914 _d2914 |
||